000 00270nam a2200109Ia 4500
008 220204s9999 xx 000 0 und d
082 _a658.3
_bRED
100 _aReddin, William J
245 0 _aManagerial effectiveness
260 _aTokyo
_bMcGraw Hill
_c1970
942 _cBK
999 _c22906
_d22906